LEADER 02148nas 2200433 n 450 001 990008995520403321 005 20240229084257.0 011 $a0569-8081 035 $a000899552 035 $aFED01000899552 035 $a(Aleph)000899552FED01 035 $a000899552 091 $2CNR$aP 00000776 100 $a20090724b19641982km-y0itaa50------ba 101 0 $aeng 102 $aUS 110 $aauu-------- 200 1 $aJournal of the Urban Planning and Development Division 207 1$a1964-1982 210 $aNew York$cThe Society 430 0$1001000899427$12001$aJournal of the City Planning Division 440 0$1001000899579$12001$aJournal of urban planning and development 530 0 $aJournal of the Urban Planning and Development Division 675 $a711.4 712 02$aAmerican Society of Civil Engineers.$bUrban Planning and Development Division 801 0$aIT$bACNP$c20090723 859 4 $uhttp://acnp.cib.unibo.it/cgi-ser/start/it/cnr/dc-p1.tcl?catno=384&person=false&language=ITALIANO&libr=&libr_th=unina1$zBiblioteche che possiedono il periodico 901 $aSE 912 $a990008995520403321 958 $aBiblioteca Centrale "F. Gasparini". Facoltà di Ingegneria. Università degli Studi di Napoli "Federico II"$b1964-1971;1975-1981;$edXXa4$fFINBC FINAG 958 $aBiblioteca del dipartimento di Ingeneria Edile dell'Università.$b1966;1969;$c1966;1969;$fDINED 959 $aFINBC 959 $aFINAG 959 $aDINED 996 $aJournal of the urban planning and development division$9104436 997 $aUNINA AP1 8 $6866-01$aNA104 Biblioteca Centrale "F. Gasparini". Facoltà di Ingegneria. Università degli Studi di Napoli "Federico II"$bdXXa4$ep.le Tecchio,80, 80125 Napoli (NA)$m0817682190;0817682195$m0817682188$nit AP1 8 $6866-02$aNA107 Biblioteca del dipartimento di Ingeneria Edile dell'Università.$ep.le Tecchio,80, Napoli (NA)$m(081) 7682129; fax 7682134$nit AP2 40$aacnp.cib.unibo.it$nACNP Italian Union Catalogue of Serials$uhttp://acnp.cib.unibo.it/cgi-ser/start/it/cnr/df-p.tcl?catno=384&language=ITALIANO&libr=&person=&B=1&libr_th=unina&proposto=NO LEADER 02460nas 2200505 n 450 001 990008906240403321 005 20240229084245.0 011 $a0960-3107 035 $a000890624 035 $aFED01000890624 035 $a(Aleph)000890624FED01 035 $a000890624 091 $2CNR$aP 00155021 100 $a20161109a19919999km-y0itaa50------ba 101 0 $aeng 102 $aGB 110 $aauu-------- 200 1 $aApplied financial economics 207 1$a1991- 210 $aLondon$cChapman and Hall 326 $aAltro 422 0$1001000890620$12001$aApplied economics 452 0$12001$aApplied financial economics (Online) 530 0 $aApplied financial economics 675 $a332 675 $a39 675 $a895 676 $a332 676 $a330 801 0$aIT$bACNP$c20090723 859 4 $uhttp://acnp.cib.unibo.it/cgi-ser/start/it/cnr/dc-p1.tcl?catno=917532&person=false&language=ITALIANO&libr=&libr_th=unina1$zBiblioteche che possiedono il periodico 901 $aSE 912 $a990008906240403321 958 $aBiblioteca della Facoltà di Economia Complesso Universitario Monte S. Angelo- Università degli Studi di Napoli "Federico II"$b1991-$c1991;1999;$eEC.IV-G-3$fDECBC 958 $aBRAU. Biblioteca di Ricerca di Area Umanistica$b1991-1998;$c1995;$eSP - Per. ingl. estinto 114$fFLFBC 958 $aBiblioteca Centrale della Facoltà di Giurisprudenza dell'Università di Napoli Federico II$b1991-2004;2006;$c2001;$ePer. Est. Ing. 148 (EP)$fFGBC 959 $aDECBC 959 $aFLFBC 959 $aFGBC 996 $aApplied financial economics$9800439 997 $aUNINA AP1 8 $6866-01$aNA042 Biblioteca della Facoltà di Economia Complesso Universitario Monte S. Angelo- Università degli Studi di Napoli "Federico II"$bEC.IV-G-3$evia Cinthia,26, 80126 Napoli (NA)$m081676647-0816782$m081676684$nit AP1 8 $6866-02$aNA072 BRAU. Biblioteca di Ricerca di Area Umanistica$bSP - Per. ingl. estinto 114$ePiazza Bellini 56/60, 80133 Napoli (NA)$m(081) 2533948$nit AP1 8 $6866-03$aNA073 Biblioteca Centrale della Facoltà di Giurisprudenza dell'Università di Napoli Federico II$bPer. Est. Ing. 148 (EP)$eCorso Umberto I, 80138 Napoli (NA)$m0812537531/33$m0812537532$nit AP2 40$aacnp.cib.unibo.it$nACNP Italian Union Catalogue of Serials$uhttp://acnp.cib.unibo.it/cgi-ser/start/it/cnr/df-p.tcl?catno=917532&language=ITALIANO&libr=&person=&B=1&libr_th=unina&proposto=NO